000 00479nam a2200181Ia 4500
003 GCL
008 140319s9999 xx 000 0 eng d
040 _aGCL /
_cGCL
082 0 4 _a615.19
_bC P
100 1 _aCOLLETT, DIANA M.
245 1 0 _aPHARMACEUTICAL PRACTICE /
_cCOLLETT, DIANA M.
700 1 _aAULTON, MICHAEL E.
260 _a[S.N] :
_bELBS WITH CHURCHILL LIVINGSTONE ،
_c1993
300 _a475\P
650 0 4 _aPHARMACOLOGY
650 0 4 _aPHARMACY
942 _2ddc
_cBK
999 _c20021
_d20021